<?xml version="1.0" encoding="UTF-8"?>
<collection xmlns="http://www.loc.gov/MARC21/slim">
 <record>
  <leader>01625nam a2200205Ia 4500</leader>
  <controlfield tag="001">CTU_129098</controlfield>
  <controlfield tag="008">210402s9999    xx            000 0 und d</controlfield>
  <datafield tag="020" ind1=" " ind2=" ">
   <subfield code="c">189000</subfield>
  </datafield>
  <datafield tag="082" ind1=" " ind2=" ">
   <subfield code="a">346.045</subfield>
  </datafield>
  <datafield tag="082" ind1=" " ind2=" ">
   <subfield code="b">C101</subfield>
  </datafield>
  <datafield tag="245" ind1=" " ind2="0">
   <subfield code="a">Các bộ định mức 2007 :</subfield>
  </datafield>
  <datafield tag="245" ind1=" " ind2="0">
   <subfield code="b">Định mức chi phí quản lý dự án và tư vấn đầu tư &amp; định mức dự toán xây dựng công trình ( Phần khảo sát xây dựng, phần thí nghiệm vật liệu cấu kiện và kết cấu xây dựng; Phần thí nghiệm điện đường dây và trạm biến áp; Phần lắp đặt máy , thiết bị; Phần lắp đặt truyền dẫn phát sóng truyền hình )</subfield>
  </datafield>
  <datafield tag="260" ind1=" " ind2=" ">
   <subfield code="a">Thành phố Hồ Chí Minh</subfield>
  </datafield>
  <datafield tag="260" ind1=" " ind2=" ">
   <subfield code="b">Giao thông vận tải</subfield>
  </datafield>
  <datafield tag="260" ind1=" " ind2=" ">
   <subfield code="c">2007</subfield>
  </datafield>
  <datafield tag="520" ind1=" " ind2=" ">
   <subfield code="a">Nội dung cuốn sách gồm có 9 mục cơ bản sau: Các quy định hướng dẫn quản lý chi phí đầu tư xây dựng công trình; Định mức dự toán xây dựng công trình - phần thí nghiệm vật liệu, cấu kiện và kết cấu xây dựng; Định mức chi phí quản lý dự án và tư vấn đầu tư; Các quy định về chỉ số giá xây dựng ...</subfield>
  </datafield>
  <datafield tag="650" ind1=" " ind2=" ">
   <subfield code="a">Project management,Construction industry,Industrial management,Quản trị công nghiệp,Xây dựng công nghiệp</subfield>
  </datafield>
  <datafield tag="650" ind1=" " ind2=" ">
   <subfield code="x">Management,Quản trị</subfield>
  </datafield>
  <datafield tag="904" ind1=" " ind2=" ">
   <subfield code="i">Giang</subfield>
  </datafield>
  <datafield tag="980" ind1=" " ind2=" ">
   <subfield code="a">Trung tâm Học liệu Trường Đại học Cần Thơ</subfield>
  </datafield>
 </record>
</collection>
